00519nam a22001457a 4500003000500000038001800005082000800023100002500031245012600056264003300182300002500215650003900240700003700279856005700316NUST aNusrat Nadeem a200 aShakil, Tayyaba Irum aEXPLORING THE EXPERIENCES OF TELE-MIGRANTS: DRIVERS TO ADOPT TELE-MIGRATION AND THEIR PERFORMANCE/cTayyaba Irum Shakil,  aIslamabad,bNBS NUST,c2023. aill:b120,p:c30,cm. aMS- Management and Human Resource  aSupervisor: Dr. Mumtaz Ali Memon uhttp://10.250.8.41:8080/xmlui/handle/123456789/39173